书目信息 |
| 题名: |
他不知道自己是一个诗人
|
|
| 作者: | 方平 著 | |
| 分册: | ||
| 出版信息: | 武汉 湖北教育出版社 2002 |
|
| 页数: | 365页 | |
| 开本: | 20cm | |
| 丛书名: | 巴别塔文丛 | |
| 单 册: | ||
| 中图分类: | I046 | |
| 科图分类: | ||
| 主题词: | 文学--翻译 | |
| 电子资源: | ||
| ISBN: | 7-5351-3229-4 | |
| 000 | 00867oam2 2200265 450 | |
| 001 | 060000019685 | |
| 005 | 20051013101027.26 | |
| 010 | @a7-5351-3229-4@dCNY24.50 | |
| 092 | @aCN | |
| 100 | @a20050127d2002 ekmy0chiy0120 ea | |
| 101 | 0 | @achi |
| 102 | @aCN@b420000 | |
| 105 | @aa z 000cy | |
| 200 | 1 | @a他不知道自己是一个诗人@9ta bu zhi dao zi ji shi yi ge shi ren@f方平著@Ffang ping zhu |
| 210 | @a武汉@c湖北教育出版社@d2002 | |
| 215 | @a365页@c图,照片@d20cm | |
| 225 | 2 | @a巴别塔文丛@f许钧,唐瑾主编 |
| 330 | @a本书分为思考与追求、理解与阐释、书话与札记、笔记与杂感四部分内容。收入“翻译的得与失”、“精彩,并非译文惟一的追求”、“素诗体的移植”等文章。 | |
| 410 | 0 | @12001 @a巴别塔文丛 |
| 606 | 0 | @a文学@x翻译 |
| 690 | @aI046@v4 | |
| 701 | 0 | @a方平@Afang ping@4著 |
| 801 | 0 | @aCN@bTSSF@c20051013 |
| 905 | @a10447@dI046@e117 | |
| 999 | @aZXL@eDF | |
| 他不知道自己是一个诗人/方平著.-武汉:湖北教育出版社,2002 |
| 365页:图,照片;20cm.-(巴别塔文丛/许钧,唐瑾主编) |
| ISBN 7-5351-3229-4:CNY24.50 |
| 本书分为思考与追求、理解与阐释、书话与札记、笔记与杂感四部分内容。收入“翻译的得与失”、“精彩,并非译文惟一的追求”、“素诗体的移植”等文章。 |
| ● |
| 相关链接 |
|
|
|
|
正题名:他不知道自己是一个诗人
索取号:I046/117
 
预约/预借
| 序号 | 登录号 | 条形码 | 馆藏地/架位号 | 状态 | 备注 |
| 1 | 0365586 | 3655869 | 第一样本阅览室/ [索取号:I046/117] | 在馆 | |
| 2 | 0365587 | 3655878 | 第二借阅区/ [索取号:I046/117] | 在馆 | |
| 3 | 0365588 | 3655887 | 第二借阅区/ [索取号:I046/117] | 在馆 | |
| 4 | 0365589 | 3655896 | 第二借阅区/ [索取号:I046/117] | 在馆 | |
| 5 | 0365590 | 3655903 | 第二借阅区/ [索取号:I046/117] | 在馆 |